Countries That Produce The Most Mushrooms - Statistics

General Stats
  • This quiz has been taken 142 times
  • The average score is 10 of 14
Answer Stats
% Of Total Produced Country % Correct
1.88% United States
100%
10.8% China
98%
1.49% Russia
89%
3.68% Italy
88%
11.5% Canada
85%
22.2% Poland
81%
2.14% Spain
81%
11.3% Netherlands
73%
2.89% Belgium
66%
1.81% Romania
52%
2.74% South Korea
52%
6.71% Ireland
48%
3.59% Belarus
41%
2.53% Lithuania
32%
No matching quizzes found
Score Distribution
Percent of People with Each Score
Percentile by Number Answered
Your Score History
You have not taken this quiz